000 00464nam a2200169Ia 4500
003 IN-BaIIA
008 211028s9999 xx 000 0 eng d
040 _cIIA Library
080 _a550
_bWHI
100 _aWhite, F Gilbert
_93360
245 4 _aThe future of arid lands
_cWhite, Gilbert F.
260 _aWashington
_bD C American Association
_c1956
300 _aix, 453p.
650 _aAstronomy and Astrophysics Thesaurus
650 _aLands
_93361
942 _cBK
999 _c1707
_d1707